|
|
|
|
| LEADER |
00000nab a2200000 ar4500 |
| 001 |
vtls008425378 |
| 003 |
SK-MaSNL |
| 005 |
20260304172847.0 |
| 008 |
250526c2005 xo mr|p|||||||000 b|slo |
| 015 |
|
|
|a SNBRB2006/01
|2 snkbucl
|
| 035 |
|
|
|a (uuid)2adbe995-24b4-40fb-8503-c64bfce915fb
|
| 035 |
|
|
|a urn:nbn:sk:snk-ab28s4
|
| 035 |
|
|
|a (urnnbn)urn:nbn:sk:snk:ar-a01yn6
|
| 038 |
|
|
|a SNKBUCL
|
| 040 |
|
|
|a SNKBUCL
|b slo
|c SNKBUCL
|e AACR2
|
| 041 |
0 |
|
|a slo
|
| 044 |
|
|
|a xo
|c SK
|
| 080 |
|
|
|a 630*94
|x (437.6)
|2 1997
|
| 080 |
|
|
|a 630:061.25
|x (437.6)
|2 1997
|
| 245 |
0 |
0 |
|a Štát sa vzdáva svojej úlohy pri podpore verejnoprospešných funkcií lesov
|b na sneme Únie regionálnych združení vlastníkov neštátnych lesov Slovenska odznelo množstvo kritických podnetov i návrhov
|c [autor] (red)
|
| 610 |
2 |
7 |
|a Únia regionálnych združení vlastníkov neštátnych lesov Slovenska
|b Snem
|2 snkbucl
|9 1502713
|
| 648 |
|
7 |
|a 2005
|2 snkbucl
|9 305506
|
| 651 |
|
7 |
|a Turčianske Teplice (Slovensko)
|2 snkbucl
|9 25478
|
| 773 |
0 |
|
|t Slovenské lesokruhy
|g Roč. IV, č. 5 (2005), s. 16-17
|x 1336-0612
|
| 850 |
|
|
|a Slovenská národná knižnica
|
| 852 |
|
|
|a Slovenská národná knižnica
|
| 954 |
|
|
|a odborná, vedecká literatúra pôvodná (slovenská)
|2 lita
|
| 958 |
|
|
|a ONDV
|
| 958 |
|
|
|a article27
|
| 999 |
|
|
|c 3000403
|d 3002333
|